00445ntaaa2200157 45000030003000000050017000030080021000200400037000410820017000781000023000952450017001182500010001352600049001453000022001945000071002160120251027201806.00714s1973 ag 01  aAR-BaBNbspacAR-BaBNeaacrdRIC a242.0000 H18 aHamón, Andrés  aMeditaciones a1 ed. aBuenos Aires : bEditorial Guadalupa, c1945 a2 tomos (I y III) aPara uso del clero y de los fieles para todos los días del año